[Event "Rhein Main op-A 25th"]
[Site "Bad Homburg"]
[Date "2023.06.09"]
[Round "4"]
[White "Mews, Bernhard"]
[Black "Mueller, Christian"]
[Result "0-1"]
[WhiteElo "1936"]
[BlackElo "2219"]
[PlyCount "62"]
[EventDate "2023.06.07"]
[EventType "swiss"]
[EventRounds "7"]
[EventCountry "GER"]
[SourceTitle "CBM 215 Extra"]
[Source "ChessBase"]
[SourceDate "2023.09.30"]
[SourceVersion "1"]
[SourceVersionDate "2023.09.30"]
[SourceQuality "1"]

1. d4 Nf6 2. Nc3 d5 3. Bf4 c5 4. e3 cxd4 5. exd4 a6 6. Nf3 Nc6 7. Ne5 Bd7 8. g4 e6 9. g5 Ne4 10. Nxe4 dxe4 11. Nxd7 Qxd7 12. c3 Bd6 13. Bxd6 Qxd6 14. Bg2 Qf4 15. Qe2 Qxg5 16. Bxe4 0-0 17. Qe3 Qxe3+ 18. fxe3 Rab8 19. c4 f5 20. Bxc6 bxc6 21. 0-0-0 Rf6 22. d5 exd5 23. cxd5 Rd6 24. Rhf1 g6 25. dxc6 Rxc6+ 26. Kb1 Re6 27. Rd3 Rb7 28. Rf4 Kf7 29. Kc2 Kf6 30. h4 h6 31. e4 Ke5 0-1

[Event "Mittelfranken Mitte-ch"]
[Site "Nuremberg"]
[Date "2020.01.05"]
[Round "5.4"]
[White "Haubold, Martin"]
[Black "Mueller, Christian"]
[Result "1-0"]
[WhiteElo "2086"]
[BlackElo "2205"]
[PlyCount "65"]
[EventDate "2020.01.03"]
[EventType "swiss"]
[EventRounds "7"]
[EventCountry "GER"]
[SourceTitle "EXT 2023"]
[Source "ChessBase"]
[SourceDate "2022.10.05"]
[SourceVersion "1"]
[SourceVersionDate "2022.10.05"]
[SourceQuality "1"]

1. d4 d5 2. Nf3 Nf6 3. g3 Bf5 4. c4 c6 5. Nbd2 h6 6. Bg2 e6 7. 0-0 Nbd7 8. b3 Bd6 9. Bb2 0-0 10. a3 a5 11. h3 Ne4 12. Nxe4 Bxe4 13. Nd2 Bxg2 14. Kxg2 Nf6 15. Qc2 Qc7 16. e4 dxe4 17. Nxe4 Be7 18. Rfe1 Nxe4 19. Rxe4 Bf6 20. Rae1 Rfd8 21. Rg4 Rd6 22. d5 Bxb2 23. Qxb2 f6 24. dxe6 Qe7 25. Rge4 Rad8 26. R1e2 b6 27. b4 Rd3 28. bxa5 bxa5 29. Qb6 Rxa3 30. Qxc6 Rd6 31. Qc5 Ra1 32. Qxd6 Qxd6 33. e7 1-0

[Event "Regionalliga Nord-Ost 1819"]
[Site "Bayern"]
[Date "2019.03.24"]
[Round "8.2"]
[White "Mueller, Johannes"]
[Black "Mueller, Christian"]
[Result "0-1"]
[WhiteElo "1928"]
[BlackElo "2165"]
[PlyCount "44"]
[EventDate "2018.10.21"]
[EventType "team-tourn"]
[EventRounds "9"]
[EventCountry "GER"]
[SourceTitle "EXT 2022"]
[Source "ChessBase"]
[SourceDate "2021.10.06"]
[SourceVersion "1"]
[SourceVersionDate "2021.10.06"]
[SourceQuality "1"]
[WhiteTeam "Kelheim SK II"]
[BlackTeam "Windischeschenbach"]
[WhiteTeamCountry "GER"]
[BlackTeamCountry "GER"]

1. d4 d5 2. c4 e6 3. Nc3 c5 4. Nf3 cxd4 5. Nxd4 e5 6. Nf3 d4 7. Nd5 Nc6 8. e3 Nf6 9. Nxf6+ Qxf6 10. Be2 Bb4+ 11. Bd2 dxe3 12. fxe3 e4 13. Nd4 0-0 14. Bxb4 Nxb4 15. Qb3 a5 16. 0-0-0 Qg5 17. Kb1 Bg4 18. h3 Bxe2 19. Nxe2 Nd3 20. Rdf1 Qxe3 21. Nc3 a4 22. Qb5 a3 0-1

[Event "Regionalliga Nord-Ost 1718"]
[Site "Bayern"]
[Date "2018.04.15"]
[Round "9.1"]
[White "Mueller, Christian"]
[Black "Egger, Thomas"]
[Result "1/2-1/2"]
[WhiteElo "2157"]
[BlackElo "2142"]
[PlyCount "38"]
[EventDate "2017.10.22"]
[EventType "team-tourn"]
[EventRounds "9"]
[EventCountry "GER"]
[SourceTitle "EXT 2022"]
[Source "ChessBase"]
[SourceDate "2021.10.06"]
[SourceVersion "1"]
[SourceVersionDate "2021.10.06"]
[SourceQuality "1"]
[WhiteTeam "Windischeschenbach"]
[BlackTeam "Buechenbach/Roth"]
[WhiteTeamCountry "GER"]
[BlackTeamCountry "GER"]

1. Nf3 Nf6 2. g3 d5 3. c4 c6 4. b3 g6 5. Bb2 Bg7 6. Bg2 0-0 7. 0-0 Nbd7 8. d3 Re8 9. Nbd2 e5 10. cxd5 Nxd5 11. Nc4 e4 12. dxe4 Bxb2 13. Nxb2 Nc3 14. Qc2 Nxe4 15. Rad1 Qe7 16. e3 Ndf6 17. Nc4 Be6 18. Nfd2 Bd5 19. Nxe4 Bxe4 1/2-1/2

[Event "Frankfurt-chB"]
[Site "Frankfurt"]
[Date "2017.05.08"]
[Round "3"]
[White "Barth, Horst"]
[Black "Mueller, Christian"]
[Result "0-1"]
[WhiteElo "1292"]
[BlackElo "2205"]
[PlyCount "96"]
[EventDate "2017.04.24"]
[EventType "swiss"]
[EventRounds "7"]
[EventCountry "GER"]
[SourceTitle "EXT 2018"]
[Source "ChessBase"]
[SourceDate "2017.10.13"]
[SourceVersion "1"]
[SourceVersionDate "2017.10.13"]
[SourceQuality "1"]

1. e4 c5 2. Nf3 d6 3. d4 cxd4 4. Nxd4 Nc6 5. Bb5 Bd7 6. Nxc6 Bxc6 7. Bxc6+ bxc6 8. 0-0 g6 9. Bd2 Bg7 10. Bc3 Nf6 11. Nd2 0-0 12. Re1 d5 13. exd5 cxd5 14. Bb4 Re8 15. a4 a5 16. Ba3 Rb8 17. Rb1 Qd7 18. b3 e5 19. Nf1 e4 20. Qd2 Qa7 21. h3 d4 22. Qf4 Nd5 23. Qd2 e3 24. fxe3 Nxe3 25. Bc1 Re7 26. Nxe3 dxe3 27. Qe2 Bc3 28. Bxe3 Rxe3 29. Qxe3 Bd4 30. Qxd4 Qxd4+ 31. Kh1 Rc8 32. Re2 Rc3 33. Rf1 Qd5 34. Kh2 Qd6+ 35. Kh1 Qc6 36. Rff2 Rxh3+ 37. Kg1 Rc3 38. Re7 Qc5 39. Ree2 Re3 40. Kf1 Rxe2 41. Rxe2 Qc3 42. Kf2 h5 43. Re8+ Kg7 44. Re2 g5 45. Kg1 g4 46. Kh2 h4 47. Re4 Qg3+ 48. Kg1 h3 0-1

[Event "Erbendorf op 4th"]
[Site "Erbendorf"]
[Date "2006.06.17"]
[Round "2.1"]
[White "Mueller, Christian"]
[Black "Ovsejevitsch, Sergei"]
[Result "0-1"]
[WhiteElo "2205"]
[BlackElo "2527"]
[PlyCount "40"]
[EventDate "2006.06.16"]
[EventType "swiss"]
[EventRounds "5"]
[EventCountry "GER"]
[SourceTitle "CBM 112 Extra"]
[Source "ChessBase"]
[SourceDate "2006.07.14"]
[SourceVersion "1"]
[SourceVersionDate "2006.07.14"]
[SourceQuality "1"]

1. d4 Nf6 2. c4 e6 3. Nf3 Bb4+ 4. Nbd2 b6 5. e3 Bb7 6. Bd3 0-0 7. 0-0 c5 8. dxc5 Bxc5 9. a3 Be7 10. b4 a5 11. bxa5 Rxa5 12. Bb2 d6 13. Nb3 Ra8 14. Nbd4 e5 15. Nf5 e4 16. Ng5 exd3 17. Qxd3 Nbd7 18. f4 h6 19. Nxg7 hxg5 20. Qf5 Ra5 0-1

[Event "IECG CA.2003.0.00105 email"]
[Site "IECG email"]
[Date "2003.09.21"]
[Round "?"]
[White "Bandiera, Aurelio"]
[Black "Mueller, Christian"]
[Result "1/2-1/2"]
[WhiteElo "2020"]
[BlackElo "2167"]
[PlyCount "24"]
[EventDate "2003.09.21"]
[EventType "tourn (corr)"]
[EventRounds "6"]
[SourceTitle "Corr 2008"]
[Source "ChessBase"]
[SourceDate "2008.06.24"]
[SourceVersion "1"]
[SourceVersionDate "2008.06.24"]
[SourceQuality "1"]

1. d4 Nf6 2. Nf3 g6 3. Bf4 Bg7 4. e3 0-0 5. h3 c5 6. c3 b6 7. Nbd2 Bb7 8. Be2 d6 9. 0-0 Nbd7 10. a4 a6 11. Qb3 Qc7 12. Bh2 Bc6 1/2-1/2

[Event "IECG CA.2003.0.00105 email"]
[Site "IECG email"]
[Date "2003.09.21"]
[Round "?"]
[White "Sanfrutos Lopez, Francisco Javier"]
[Black "Mueller, Christian"]
[Result "0-1"]
[WhiteElo "2133"]
[BlackElo "2167"]
[PlyCount "28"]
[EventDate "2003.09.21"]
[EventType "tourn (corr)"]
[EventRounds "6"]
[SourceTitle "Corr 2008"]
[Source "ChessBase"]
[SourceDate "2008.06.24"]
[SourceVersion "1"]
[SourceVersionDate "2008.06.24"]
[SourceQuality "1"]

1. d4 Nf6 2. c4 g6 3. Nf3 Bg7 4. g3 0-0 5. Bg2 d6 6. 0-0 Nbd7 7. Nc3 e5 8. e4 c6 9. h3 Qb6 10. d5 Nc5 11. Re1 Bd7 12. Rb1 a5 13. Be3 cxd5 14. cxd5 Rfc8 0-1

[Event "Karl Mala Memorial op 07th"]
[Site "Griesheim"]
[Date "2003.07.26"]
[Round "5"]
[White "Rosenberger, Frank"]
[Black "Mueller, Christian"]
[Result "1/2-1/2"]
[WhiteElo "2268"]
[BlackElo "2208"]
[PlyCount "70"]
[EventDate "2003.07.24"]
[EventType "swiss"]
[EventRounds "7"]
[EventCountry "GER"]
[SourceTitle "EXT 2004"]
[Source "ChessBase"]
[SourceDate "2003.11.25"]
[SourceVersion "1"]
[SourceVersionDate "2003.11.25"]
[SourceQuality "1"]

1. e4 d6 2. d4 Nf6 3. Nc3 g6 4. f3 c6 5. Be3 b5 6. Qd2 Nbd7 7. Nge2 Nb6 8. Nc1 Bg7 9. Bh6 0-0 10. h4 e5 11. Bxg7 Kxg7 12. g4 exd4 13. Qxd4 c5 14. Qd2 b4 15. Nd5 Nbxd5 16. exd5 Re8+ 17. Ne2 Qe7 18. 0-0-0 Qe3 19. Nf4 Qxf3 20. Be2 Qe3 21. Ne6+ Rxe6 22. dxe6 Qxe6 23. Bf3 Qxa2 24. Qxd6 Qa1+ 25. Kd2 Qxb2 26. Bxa8 Qc3+ 27. Ke2 Bxg4+ 28. Kf2 Bxd1 29. Qxd1 Qe5 30. Qf3 h5 31. Rh3 Ng4+ 32. Kg2 Qe1 33. Bd5 Qd2+ 34. Kg3 f5 35. Bb3 a5 1/2-1/2

[Event "Karl Mala Memorial op 07th"]
[Site "Griesheim"]
[Date "2003.07.25"]
[Round "3"]
[White "Bolduan, Michael"]
[Black "Mueller, Christian"]
[Result "0-1"]
[WhiteElo "2039"]
[BlackElo "2208"]
[PlyCount "68"]
[EventDate "2003.07.24"]
[EventType "swiss"]
[EventRounds "7"]
[EventCountry "GER"]
[SourceTitle "EXT 2004"]
[Source "ChessBase"]
[SourceDate "2003.11.25"]
[SourceVersion "1"]
[SourceVersionDate "2003.11.25"]
[SourceQuality "1"]

1. Nf3 Nf6 2. g3 g6 3. Bg2 Bg7 4. 0-0 0-0 5. d3 d6 6. e4 c5 7. Nbd2 Nc6 8. Re1 Rb8 9. a4 a6 10. Nc4 b5 11. axb5 axb5 12. Ne3 Ng4 13. Nd5 e6 14. Nf4 Qb6 15. h3 Nge5 16. c3 b4 17. Nxe5 Bxe5 18. Ne2 bxc3 19. bxc3 Bd7 20. Bh6 Rfc8 21. Qa4 Qb3 22. d4 cxd4 23. cxd4 Bh8 24. Qxb3 Rxb3 25. Be3 Rcb8 26. Ra6 Nb4 27. Ra7 Bb5 28. Nc1 Rb2 29. Bf1 Nc2 30. Rd1 Bxf1 31. Kxf1 R2b4 32. Ne2 Bf6 33. Rd2 Rb1+ 34. Kg2 Ne1+ 0-1

[Event "Boeblingen op 19th"]
[Site "Boeblingen"]
[Date "2002.12.27"]
[Round "3"]
[White "Mueller, Christian"]
[Black "Weber, Dirk"]
[Result "0-1"]
[WhiteElo "1977"]
[BlackElo "2221"]
[PlyCount "44"]
[EventDate "2002.12.26"]
[EventType "swiss"]
[EventRounds "9"]
[EventCountry "GER"]
[SourceTitle "EXT 2004"]
[Source "ChessBase"]
[SourceDate "2003.11.25"]
[SourceVersion "1"]
[SourceVersionDate "2003.11.25"]
[SourceQuality "1"]

1. e4 c5 2. Nf3 e6 3. d4 cxd4 4. Nxd4 a6 5. Bd3 Qc7 6. 0-0 Nf6 7. Kh1 d6 8. Nc3 Be7 9. a4 b6 10. Qe2 Bb7 11. f4 h5 12. e5 dxe5 13. fxe5 Ng4 14. Bf4 Nd7 15. Rad1 g5 16. Bg3 h4 17. Qxg4 hxg3 18. Qxg3 Qxe5 19. Qxe5 Nxe5 20. Be4 Bxe4 21. Nxe4 Ng4 22. Rf3 Rd8 0-1

[Event "Regionalliga NW 0102"]
[Site "Bayern"]
[Date "2002.04.28"]
[Round "9.3"]
[White "Mueller, Christian"]
[Black "Wambach, Juergen"]
[Result "1-0"]
[WhiteElo "2095"]
[BlackElo "2010"]
[PlyCount "89"]
[EventDate "2001.10.07"]
[EventType "team-tourn"]
[EventRounds "9"]
[EventCountry "GER"]
[SourceTitle "EXT 2003"]
[Source "ChessBase"]
[SourceDate "2002.11.25"]
[SourceVersion "1"]
[SourceVersionDate "2002.11.25"]
[SourceQuality "1"]
[WhiteTeam "Coburg"]
[BlackTeam "Klingenberg"]
[WhiteTeamCountry "GER"]
[BlackTeamCountry "GER"]

1. e4 e6 2. d4 d5 3. Nd2 Nf6 4. e5 Nfd7 5. c3 c5 6. Ne2 Nc6 7. f4 Be7 8. Nf3 b6 9. Ng3 h5 10. Bd3 h4 11. Ne2 Qc7 12. a3 a5 13. 0-0 Nf8 14. Be3 c4 15. Bc2 b5 16. Bf2 Bd7 17. Qe1 h3 18. g4 0-0-0 19. b3 cxb3 20. Bxb3 a4 21. Bc2 Na5 22. Nd2 Kb7 23. Bd3 Ka6 24. Qd1 Nc4 25. Nxc4 bxc4 26. Bc2 Ka5 27. Qd2 Be8 28. Rfb1 f6 29. Bg3 Qc6 30. Rb4 Bxb4 31. axb4+ Kb6 32. Bxa4 Qb7 33. Bxe8 Rxe8 34. f5 Ra8 35. Rxa8 Qxa8 36. Nf4 exf5 37. gxf5 Qa1+ 38. Kf2 Kc6 39. exf6 gxf6 40. Qe2 Qb1 41. Qe8+ Nd7 42. Qe6+ Kc7 43. Nxd5+ Kd8 44. Bc7+ Kc8 45. Qa6# 1-0

[Event "Regionalliga NW 0102"]
[Site "Bayern"]
[Date "2002.02.24"]
[Round "6.3"]
[White "Herdin, Hans Ulrich"]
[Black "Mueller, Christian"]
[Result "1-0"]
[WhiteElo "2095"]
[BlackElo "2095"]
[PlyCount "83"]
[EventDate "2001.10.07"]
[EventType "team-tourn"]
[EventRounds "9"]
[EventCountry "GER"]
[SourceTitle "EXT 2003"]
[Source "ChessBase"]
[SourceDate "2002.11.25"]
[SourceVersion "1"]
[SourceVersionDate "2002.11.25"]
[SourceQuality "1"]
[WhiteTeam "Kronach"]
[BlackTeam "Coburg"]
[WhiteTeamCountry "GER"]
[BlackTeamCountry "GER"]

1. c4 g6 2. Nc3 Bg7 3. d4 d6 4. e4 Nc6 5. Be3 e5 6. d5 Nce7 7. g4 f5 8. gxf5 gxf5 9. exf5 Bxf5 10. Nge2 Qd7 11. Ng3 Bg4 12. Be2 Nf6 13. Bxg4 Nxg4 14. Nh5 Nxe3 15. Nxg7+ Kf7 16. Qh5+ Kxg7 17. Rg1+ Ng6 18. fxe3 Rhf8 19. 0-0-0 Rf5 20. Qg4 Rf7 21. Qxd7 Rxd7 22. h4 Kh8 23. h5 Ne7 24. Ne4 Nf5 25. Kd2 Rf8 26. Rdf1 Rdf7 27. Kd3 Nh6 28. Rxf7 Rxf7 29. c5 Rf5 30. cxd6 cxd6 31. Nxd6 Rxh5 32. Ke4 b6 33. Rf1 Kg7 34. Nf5+ Nxf5 35. Rxf5 Rh2 36. Kxe5 Rxb2 37. Ke6 Re2 38. Rf3 b5 39. d6 Rxa2 40. d7 Rd2 41. Rg3+ Kf8 42. Rg5 1-0

[Event "Oberliga Bayern 0102"]
[Site "Bayern"]
[Date "2002.01.20"]
[Round "4.6"]
[White "Wunderlich, Hans Dieter"]
[Black "Mueller, Christian"]
[Result "1/2-1/2"]
[WhiteElo "2045"]
[BlackElo "1950"]
[PlyCount "55"]
[EventDate "2001.10.07"]
[EventType "team-tourn"]
[EventRounds "9"]
[EventCountry "GER"]
[SourceTitle "EXT 2003"]
[Source "ChessBase"]
[SourceDate "2002.11.25"]
[SourceVersion "1"]
[SourceVersionDate "2002.11.25"]
[SourceQuality "1"]
[WhiteTeam "Muenchen Sendling"]
[BlackTeam "Neutraubling"]
[WhiteTeamCountry "GER"]
[BlackTeamCountry "GER"]

1. e4 c5 2. Nf3 Nc6 3. Bb5 g6 4. c3 Nf6 5. e5 Nd5 6. 0-0 Bg7 7. d4 cxd4 8. cxd4 0-0 9. Nc3 Nc7 10. Ba4 d6 11. Bf4 dxe5 12. dxe5 Bg4 13. Bxc6 bxc6 14. Qa4 Bxf3 15. gxf3 Qd7 16. Rad1 Qf5 17. Qe4 Ne6 18. Bg3 Ng5 19. Qxf5 gxf5 20. Kg2 Ne6 21. Ne2 Rfd8 22. b3 Kf8 23. f4 Ke8 24. f3 Rd5 25. Rxd5 cxd5 26. Rd1 Nc7 27. Bf2 e6 28. Bc5 1/2-1/2

[Event "Boeblingen op 18th"]
[Site "Boeblingen"]
[Date "2001.12.30"]
[Round "9"]
[White "Mueller, Christian"]
[Black "Brodbeck, Stefan"]
[Result "1-0"]
[WhiteElo "2208"]
[BlackElo "2198"]
[PlyCount "107"]
[EventDate "2001.12.26"]
[EventType "swiss"]
[EventRounds "9"]
[EventCountry "GER"]
[SourceTitle "EXT 2005"]
[Source "ChessBase"]
[SourceDate "2004.11.15"]
[SourceVersion "1"]
[SourceVersionDate "2004.11.15"]
[SourceQuality "1"]

1. d4 Nf6 2. c4 g6 3. Nc3 Bg7 4. e4 d6 5. Nf3 0-0 6. Be2 e5 7. 0-0 exd4 8. Nxd4 Re8 9. f3 Nc6 10. Be3 Nh5 11. Qd2 Nf4 12. Nxc6 Nxe2+ 13. Nxe2 bxc6 14. Bd4 Be5 15. Ng3 Qf6 16. Bxe5 Qxe5 17. Kh1 c5 18. Rad1 Bb7 19. Qa5 Qe7 20. Rfe1 h5 21. Nf1 h4 22. h3 Bc8 23. Ne3 c6 24. Qd2 Rd8 25. Qc3 f6 26. Rd3 Kg7 27. Red1 Be6 28. Qd2 Rab8 29. Rxd6 Rdc8 30. b3 Kf7 31. Ng4 Rh8 32. Ne3 Rb7 33. Rd8 Rxd8 34. Qxd8 Rd7 35. Rxd7 Qxd7 36. Qxd7+ Bxd7 37. f4 Ke6 38. g3 g5 39. Kg2 gxf4 40. gxf4 Kf7 41. f5 Ke7 42. Kf3 Kd6 43. Ng4 Ke7 44. Kf4 Be8 45. e5 fxe5+ 46. Nxe5 Kf6 47. Ng4+ Ke7 48. Kg5 Bd7 49. Nf6 Bc8 50. Kg6 a5 51. Ne4 a4 52. f6+ Kf8 53. Ng5 axb3 54. axb3 1-0

[Event "Oberliga Bayern 0102"]
[Site "Bayern"]
[Date "2001.10.07"]
[Round "1.6"]
[White "Mueller, Christian"]
[Black "Trescher, Manfred"]
[Result "1/2-1/2"]
[WhiteElo "1950"]
[BlackElo "2205"]
[PlyCount "85"]
[EventDate "2001.10.07"]
[EventType "team-tourn"]
[EventRounds "9"]
[EventCountry "GER"]
[SourceTitle "EXT 2003"]
[Source "ChessBase"]
[SourceDate "2002.11.25"]
[SourceVersion "1"]
[SourceVersionDate "2002.11.25"]
[SourceQuality "1"]
[WhiteTeam "Neutraubling"]
[BlackTeam "Pasing"]
[WhiteTeamCountry "GER"]
[BlackTeamCountry "GER"]

1. d4 d5 2. c4 e6 3. Nc3 c6 4. e4 dxe4 5. Nxe4 Nf6 6. Nxf6+ Qxf6 7. Nf3 Bb4+ 8. Bd2 Bxd2+ 9. Qxd2 Nd7 10. Be2 0-0 11. 0-0 e5 12. dxe5 Nxe5 13. Nxe5 Qxe5 14. Rfe1 Qf6 15. Rad1 Be6 16. Qb4 Rab8 17. Rd6 Rfd8 18. Red1 Rxd6 19. Qxd6 Rc8 20. b3 h6 21. c5 Re8 22. Kf1 Qb2 23. Rd2 Qb1+ 24. Bd1 Bd5 25. Qf4 Qc1 26. Qd4 Re4 27. Qb2 Qxc5 28. Bf3 Re6 29. Bxd5 cxd5 30. Qd4 Qxd4 31. Rxd4 Rd6 32. Ke2 Kf8 33. Ke3 Ke7 34. Rd2 Re6+ 35. Kd4 Kd6 36. f3 Rf6 37. Rc2 g5 38. Rc8 Rf4+ 39. Ke3 d4+ 40. Kd3 a5 41. Rd8+ Kc5 42. Rc8+ Kd5 43. Rd8+ 1/2-1/2

[Event "IECG TE.2001.P.00605 email"]
[Site "IECG email"]
[Date "2001.03.20"]
[Round "?"]
[White "Mertens, Chris"]
[Black "Mueller, Christian"]
[Result "0-1"]
[WhiteElo "1450"]
[BlackElo "1699"]
[PlyCount "50"]
[EventDate "2001.03.20"]
[EventType "tourn (corr)"]
[EventRounds "12"]
[SourceTitle "Corr 2008"]
[Source "ChessBase"]
[SourceDate "2008.06.24"]
[SourceVersion "1"]
[SourceVersionDate "2008.06.24"]
[SourceQuality "1"]

1. e4 c5 2. d4 cxd4 3. c3 dxc3 4. Nxc3 Nc6 5. Nf3 d6 6. Bc4 e6 7. 0-0 Be7 8. Be3 Nf6 9. Rc1 0-0 10. Re1 a6 11. Bb3 Bd7 12. Na4 b5 13. Nb6 Rb8 14. Nxd7 Qxd7 15. e5 Nxe5 16. Nxe5 dxe5 17. Qxd7 Nxd7 18. Rc7 Bb4 19. Rec1 Nf6 20. a3 Ba5 21. R7c6 Ra8 22. Ba2 Nd5 23. b4 Bd8 24. Bc5 Bg5 25. Re1 Rfd8 0-1

[Event "IECG TE.2001.P.00605 email"]
[Site "IECG email"]
[Date "2001.03.20"]
[Round "?"]
[White "Mueller, Christian"]
[Black "Cardoso Garcia, Sergio"]
[Result "1-0"]
[WhiteElo "1699"]
[BlackElo "2168"]
[PlyCount "33"]
[EventDate "2001.03.20"]
[EventType "tourn (corr)"]
[EventRounds "12"]
[SourceTitle "Corr 2008"]
[Source "ChessBase"]
[SourceDate "2008.06.24"]
[SourceVersion "1"]
[SourceVersionDate "2008.06.24"]
[SourceQuality "1"]

1. e4 c5 2. d4 cxd4 3. c3 dxc3 4. Nxc3 Nc6 5. Nf3 d6 6. Bc4 e6 7. 0-0 Nf6 8. Qe2 Be7 9. Rd1 0-0 10. e5 Nd5 11. Nxd5 exd5 12. Bxd5 Qc7 13. Bf4 dxe5 14. Nxe5 Nxe5 15. Bxe5 Qc5 16. Rac1 Qa5 17. Bc7 1-0

[Event "IECG TE.2001.P.00605 email"]
[Site "IECG email"]
[Date "2001.03.20"]
[Round "?"]
[White "Mueller, Christian"]
[Black "Mertens, Chris"]
[Result "1-0"]
[WhiteElo "1699"]
[BlackElo "1450"]
[PlyCount "47"]
[EventDate "2001.03.20"]
[EventType "tourn (corr)"]
[EventRounds "12"]
[SourceTitle "Corr 2008"]
[Source "ChessBase"]
[SourceDate "2008.06.24"]
[SourceVersion "1"]
[SourceVersionDate "2008.06.24"]
[SourceQuality "1"]

1. e4 c5 2. d4 cxd4 3. c3 dxc3 4. Nxc3 Nc6 5. Nf3 Nf6 6. Bc4 a6 7. e5 Ng4 8. Bxf7+ Kxf7 9. Ng5+ Kg8 10. Qxg4 Nxe5 11. Qe4 Nc6 12. Qf3 Qe8 13. Nd5 Nd4 14. Qd3 Nb5 15. a4 e6 16. Be3 h6 17. axb5 Rb8 18. Nc7 Bb4+ 19. Ke2 Qf8 20. Nf3 Bc5 21. Rhc1 Bxe3 22. Qxe3 d5 23. Ne5 Qf5 24. Ra4 1-0

[Event "IECG TE.2001.P.00605 email"]
[Site "IECG email"]
[Date "2001.03.20"]
[Round "?"]
[White "Mueller, Christian"]
[Black "Ventura, Rodrigo"]
[Result "1-0"]
[WhiteElo "1699"]
[BlackElo "800"]
[PlyCount "23"]
[EventDate "2001.03.20"]
[EventType "tourn (corr)"]
[EventRounds "12"]
[SourceTitle "Corr 2008"]
[Source "ChessBase"]
[SourceDate "2008.06.24"]
[SourceVersion "1"]
[SourceVersionDate "2008.06.24"]
[SourceQuality "1"]

1. e4 c5 2. d4 cxd4 3. c3 dxc3 4. Nxc3 Nc6 5. Nf3 e5 6. Bc4 Nf6 7. Ng5 h6 8. Nxf7 Qa5 9. Nxh8 Nxe4 10. Qh5+ Kd8 11. Qh4+ Be7 12. Qxe4 1-0

[Event "IECG TE.2001.P.00605 email"]
[Site "IECG email"]
[Date "2001.03.20"]
[Round "?"]
[White "Ventura, Rodrigo"]
[Black "Mueller, Christian"]
[Result "0-1"]
[WhiteElo "800"]
[BlackElo "1699"]
[PlyCount "22"]
[EventDate "2001.03.20"]
[EventType "tourn (corr)"]
[EventRounds "12"]
[SourceTitle "Corr 2008"]
[Source "ChessBase"]
[SourceDate "2008.06.24"]
[SourceVersion "1"]
[SourceVersionDate "2008.06.24"]
[SourceQuality "1"]

1. e4 c5 2. d4 cxd4 3. c3 dxc3 4. Nxc3 Nc6 5. Nf3 d6 6. Bc4 e6 7. 0-0 Nf6 8. Bf4 Be7 9. Qd2 e5 10. Ng5 0-0 11. Nxf7 Rxf7 0-1